The 8th IEEE computer security foundations workshop (Record no. 175973)

000 -LEADER
fixed length control field 00705 a2200157 4500
003 - CONTROL NUMBER IDENTIFIER
control field Nust
005 - DATE AND TIME OF LATEST TRANSACTION
control field 20170207152514.0
020 ## - INTERNATIONAL STANDARD BOOK NUMBER
International Standard Book Number 0818670339
040 ## - CATALOGING SOURCE
Transcribing agency Nust
082 ## - DEWEY DECIMAL CLASSIFICATION NUMBER
Classification number 005.8
245 ## - TITLE STATEMENT
Title The 8th IEEE computer security foundations workshop
260 ## - PUBLICATION, DISTRIBUTION, ETC.
Place of publication, distribution, etc. Washington
Name of publisher, distributor, etc. IEEE
Date of publication, distribution, etc. 1995
505 ## - FORMATTED CONTENTS NOTE
Formatted contents note SecuComposition Simon Foley Page No 2, Authentication Protocols Page No 24, Analysis of Cryptographic Protocols Page No38,Panel on What Makes a Cryptographic Protocol Dependable? Page No 58, Models of Cryptographic Protocols Page No 98,re Systems Page No118, Panel on Considering the Common Criteria Page No 148, Information Flow Page No 152.
538 ## - SYSTEM DETAILS NOTE
System details note Almirah No.22 Shelf No.2
650 ## - SUBJECT ADDED ENTRY--TOPICAL TERM
Topical term or geographic name entry element Computer security
942 ## - ADDED ENTRY ELEMENTS (KOHA)
Koha item type Reference
Holdings
Withdrawn status Lost status Source of classification or shelving scheme Damaged status Not for loan Permanent Location Current Location Shelving location Date acquired Full call number Barcode Date last seen Price effective from Koha item type Public note
          Military College of Signals (MCS) Military College of Signals (MCS) General Stacks 12/12/2016 005.8,EIG MCS27439 12/08/2016 12/12/2016 Book Almirah No.8, Shelf No.6
© 2023 Central Library, National University of Sciences and Technology. All Rights Reserved.